| 000 | 00351nam a22001217a 4500 | ||
|---|---|---|---|
| 008 | 180515b xxu||||| |||| 00| 0 eng d | ||
| 041 | _aeng | ||
| 080 | _a043.3 | ||
| 100 | _a0 | ||
| 101 | _aARK-BTH | ||
| 245 |
_aProjektimi i lagjes urbane sipas një Arkitekture të qëndrueshme dhe funskionale në komunën e Ferizajit _cRushiti,R |
||
| 942 |
_2udc _cBK |
||
| 999 |
_c45818 _d45818 |
||